Social change & development in India : (Record no. 145076)
[ view plain ]
| 000 -LEADER | |
|---|---|
| fixed length control field | 00597nam a22001817a 4500 |
| 005 - DATE AND TIME OF LATEST TRANSACTION | |
| control field | 20171025120556.0 |
| 010 ## - LCCN (DPL NO) | |
| LC control number | ENG-120446 |
| 020 ## - INTERNATIONAL STANDARD BOOK NUMBER | |
| International Standard Book Number | 9788187364559 |
| Terms of availability | 1200.00 |
| 035 ## - SYSTEM CONTROL NUMBER | |
| System control number | EN-103978 |
| 037 ## - SOURCE OF ACQUISITION | |
| Source of stock number/acquisition | DBAD/PUB |
| 082 ## - DEWEY DECIMAL CLASSIFICATION NUMBER | |
| Classification number | 303.409564 |
| 100 ## - MAIN ENTRY--PERSONAL NAME | |
| Personal name | S.Akhilesh |
| 245 ## - TITLE STATEMENT | |
| Title | Social change & development in India : |
| Statement of responsibility, etc | by S. Akhilesh |
| Remainder of title | developments, issues and challenges / |
| 260 ## - PUBLICATION, DISTRIBUTION, ETC. (IMPRINT) | |
| Place of publication, distribution, etc | Rewa |
| Name of publisher, distributor, etc | Gayatri Publications |
| Date of publication, distribution, etc | 2013 |
| 270 ## - ADDRESS | |
| Address | 41/42,Raghuwans Sadan,Shanti Kunj,Bichhiya |
| City | Rewa (M.P.) |
| Postal code | 486001 |
| 300 ## - PHYSICAL DESCRIPTION | |
| Extent | 464p.: |
| Dimensions | 23cm(Hb) |
| Other physical details | ill. |
| 942 ## - ADDED ENTRY ELEMENTS (KOHA) | |
| Source of classification or shelving scheme | Dewey Decimal Classification |
| Item type | English Books |
| Classification part | 303.40954 |
| Call number suffix | AKH |
| Withdrawn status | Lost status | Not for loan | Collection code | Home library | Current library | Date acquired | Source of acquisition | Cost, normal purchase price | Full call number | Barcode | Copy number | Cost, replacement price | Koha item type |
|---|---|---|---|---|---|---|---|---|---|---|---|---|---|
| Not For Loan | Reference | D.B.Act.Division | Bawana | 20/09/2017 | DBAD/PUB | 1200.00 | 303.40954 AKH | EN-103978 | 1 | 1200.00 | English Books |
